000 00317nam a22001457a 4500
008 221014b ||||| |||| 00| 0 eng d
020 _a9780324008807
041 _aeng
080 _a330
082 _a330
100 _a23.1
101 _aECO
245 _aINTRODUCTION TO ECONOMICS
_cLIEBERMAN
942 _2udc
_cBK
999 _c58579
_d58579